000
00341pam a2200157a 44500
008
230515b2011 xxu||||| |||| 00| 0 eng d
020
_a
NULL
041
_a
ENGLISH
082
_a
617/FAR
100
_a
FARUQI
245
_a
OSTEOLOGY FOR DENTAL STUDENTS
250
_a
2
260
_a
_b
C B S PUB
_c
2011
300
_a
297
650
_a
NULL
999
_c
563475
_d
563475